| 000 | 00973nam a22002777a 4500 | ||
|---|---|---|---|
| 005 | 20240530110513.0 | ||
| 008 | 151217s2011 ua aeo f b 000 0 ara d | ||
| 017 |
_a2009/20186 _bمصر . دار الكتب المصرية |
||
| 020 | _a9789773277414 | ||
| 040 | _aEG-CaGPL | ||
| 082 | 0 | 4 |
_221 _a721.042\ _bم ت |
| 100 | 0 | _aمحمد بكير مصطفى | |
| 245 | 1 | 0 |
_aتكنولوجيا العمارة و البناء / _cاعداد و تاليف محمد بكير مصطفى |
| 250 | _aط1 | ||
| 260 |
_aالاسكندرية : _bمكتبة الوفاء القانونية ، _c2011 . |
||
| 300 |
_a420 ص : _bايض ؛ _c24 سم. |
||
| 504 | _aيشتمل على ارجاعات ببليوجرافية | ||
| 650 | 0 | 4 | _aالعمارة |
| 650 | 0 | 4 | _aمواد البناء |
| 650 | 0 | 4 | _aالاسمنت |
| 650 | 0 | 4 | _aالسلالم |
| 650 | 0 | 4 | _aالخرسانة |
| 650 | 0 | 4 | _aالاساسات |
| 942 |
_2ddc _cBK |
||
| 999 |
_c61727 _d61727 |
||